Kuvayı milliye ruhu/ (Record no. 14250)

MARC details
000 -BAŞLIK
Sabit Uzunlukta Kontrol Alanı 00581nam a22001937a 4500
999 ## - SİSTEM KONTROL NUMARALARI (KOHA)
Koha Biblionumber 14250
Koha Biblioitemnumber 14250
003 - KONTROL NUMARASI IDENTIFIER
Denetim Alanı MIRAKIL
005 - SON İŞLEM TARİHİ VE ZAMANI
Denetim Alanı 20201201152215.0
008 - SABİT-BOY VERİ ELEMANLARI - GENEL BİLGİLER
Sabit Uzunlukta Kontrol Alanı 201201b tu ||||| |||| 00| 0 tur d
040 ## - KATALOGLAMA KAYNAK
Orijinal Kataloglama Ajansı TR-AnCHP
Kataloglama Dili tur
Metne Dönüştürmek Ajansı TR-AnCHP
041 ## - DİL KODU
Metin / Ses Parça Veya Ayrı Başlığın Dil Kodu tur
082 ## - DEWEY ONLU SINIFLANDIRMA NUMARASI
Sınıflandırma Numarası 956.1023
Ürün Numarası A32k 1981
100 ## - ANA GİRİŞ - KİŞİSEL İSİM
Kişisel Ad Ağaoğlu, Samet
245 ## - BAŞLIK TABLOSU
Başlık Kuvayı milliye ruhu/
Sorumluluk Tablosu, Vb Samet Ağaoğlu.
260 ## - YAYIN, DAĞITIM, VB
Yayın, Dağıtım, Vb Yeri Ankara:
Yayıncı, Dağıtıcı, Vs Adı Kültür Bakanlığı,
Yayın, Dağıtım, Vb Tarihi 1981.
300 ## - FİZİKSEL TANIM
Kapsam 292 s.:
Boyutlar 20 sm.
490 ## - SERİSİ TABLOSU
Seri Beyanı Doğumunun 100. Yılında Atatürk Yayınları;
Hacim / Ardışık Tanımı 18.
650 ## - KONU KATMA GİRİŞ - TOPİKAL DÖNEM
Topikal Süreli Veya Coğrafi Ad Giriş Elemanı Tarih
Genel Alt Bölümü Kurtuluş Savaşı
Kronolojik Alt Bölümü Kuvayi Milliye
942 ## - EKLENDİ GİRİŞ ELEMANLARI (KOHA)
Sınıflandırma Veya Raf Düzeni Kaynak Dewey Decimal Classification
Koha Öğesi Türü Books
Holdings
Kalıcı Konum Mevcut Konum Edinme Tarihi Toplam Check-Out'Lar Tam Çağrı Numarası Barkod Tarih Son Görülme İtibaren Geçerli Fiyatlar Sigara Kamu Notu Koha Öğesi Türü
CHP Kütüphanesi CHP Kütüphanesi 12/01/2020   956.1023 A32k 1981 019776 12/01/2020 12/01/2020 Emine Başak Alkan Bağışıdır. Books